[Event "Zone 4.3 2017"]
[Site "Livingstone ZAM"]
[Date "2017.06.12"]
[Round "4.4"]
[White "Kayonde,Andrew"]
[Black "Masango,S"]
[Result "1-0"]
[WhiteElo "2412"]
[BlackElo "2187"]

1.d4 Nf6 2.c4 g6 3.Nc3 Bg7 4.e4 O-O 5.Bg5 c5 6.d5 d6 7.Qd2 a6 8.f4 Re8 9.Nf3
Bg4 10.Be2 Nbd7 11.O-O b5 12.cxb5 axb5 13.Bxb5 Qa5 14.e5 dxe5 15.Nxe5 Nxe5
16.fxe5 Ne4 17.Qf4 Bf5 18.Bxe8 Nxc3 19.bxc3 Rxe8 20.g4 Bd7 21.Rf3 c4 22.Qxf7+
Kh8 23.Bxe7 Qa7+ 24.Kg2 Ba4 25.Bb4 Qxf7 26.Rxf7 Rxe5 27.Ra7 Be8 28.Ra8 h5
29.Bd6 {#r} 1-0

[Event "Zone 4.3 2017"]
[Site "Livingstone ZAM"]
[Date "2017.06.12"]
[Round "4.5"]
[White "Pon,M"]
[Black "Jere,D"]
[Result "0-1"]
[WhiteElo "2165"]
[BlackElo "2387"]

1.e4 e6 2.d3 d5 3.Nd2 Nf6 4.Ngf3 c5 5.g3 Nc6 6.Bg2 Be7 7.O-O O-O 8.e5 Nd7
9.Re1 b5 10.Nf1 a5 11.h4 b4 12.N1h2 Ba6 13.Ng4 a4 14.Bf4 Bb5 15.Ng5 c4 16.dxc4
Bxc4 17.Bf1 Bxf1 18.Kxf1 Qb6 19.Kg2 Qd4 20.Qb1 Bxg5 21.hxg5 Rfc8 22.c3 bxc3
23.bxc3 Qxc3 24.Rh1 Nf8 25.Qb7 Qb4 26.Qxb4 Nxb4 27.Rhd1 Ng6 28.Rd2 Rc4 29.Kf3
Rac8 30.Rb1 Nc6 31.Rd3 Nd4+ 32.Ke3 Nf5+ 33.Kf3 Nfh4+ 34.gxh4 Rxf4+ {#R} 0-1

[Event "Zone 4.3 2017"]
[Site "Livingstone ZAM"]
[Date "2017.06.12"]
[Round "4.7"]
[White "Simulundu,Judah"]
[Black "Chumfwa,S"]
[Result "0-1"]
[WhiteElo "2159"]
[BlackElo "2291"]

1.e4 c5 2.Nf3 e6 3.d4 cxd4 4.Nxd4 Nc6 5.Nb5 d6 6.Bf4 e5 7.Be3 Nf6 8.N1c3 a6
9.Na3 b5 10.Nd5 Nxd5 11.exd5 Ne7 12.c4 Nf5 13.Bd2 g6 14.cxb5 Bg7 15.b6 O-O
16.Nc4 Bb7 17.h4 Nd4 18.Bb4 Bxd5 19.Bxd6 Bxc4 20.Bxf8 Qxf8 21.Rc1 Qb4+ 22.Qd2
Qxd2+ 23.Kxd2 Bh6+ 24.Kc3 Nb5+ 25.Kc2 Bxc1 26.Bxc4 Bh6 27.a4 Nd6 28.Kd3 a5
29.b4 axb4 30.b7 Rd8 31.Re1 {#R} 0-1

[Event "Zone 4.3 2017"]
[Site "Livingstone ZAM"]
[Date "2017.06.12"]
[Round "4.11"]
[White "Katowa,Kennedy"]
[Black "Alberto,M ANG"]
[Result "1-0"]
[WhiteElo "2092"]
[BlackElo "2157"]

1.d4 Nf6 2.Nf3 e6 3.g3 c5 4.Bg2 Nc6 5.O-O Be7 6.c4 d5 7.Nc3 dxc4 8.Qa4 Bd7
9.Qxc4 Na5 10.Qd3 c4 11.Qc2 Bc6 12.e4 O-O 13.Rd1 Bb4 14.Ne5 Qe7 15.Bg5 h6
16.Be3 Rac8 17.Nxc6 Nxc6 18.h3 a6 19.e5 Nd7 20.Ne4 b5 21.a3 Ba5 22.a4 Bb6
23.axb5 axb5 24.Nd6 Rc7 25.Nxb5 Nb4 26.Qd2 Nd5 27.Bxd5 exd5 28.Nxc7 Bxc7
29.Ra7 Bb6 30.Ra6 Rb8 31.Rda1 Nf8 32.Ra8 Rb7 33.Rc8 Bd8 34.Raa8 Rd7 35.f4 f6
36.Qc2 fxe5 37.fxe5 h5 38.h4 Qb4 39.Qc3 Qb6 40.Rab8 Qg6 41.Bg5 Rf7 42.Rxd8
Qb1+ 43.Bc1 Qe4 44.Qe3 Qc2 {#r} 1-0

[Event "Zone 4.3 2017"]
[Site "Livingstone ZAM"]
[Date "2017.06.12"]
[Round "4.12"]
[White "Do Santos Julio,J"]
[Black "Bezuidenhout,Roland"]
[Result "0-1"]
[WhiteElo "2157"]
[BlackElo "2076"]

1.e4 d6 2.d4 Nf6 3.Bd3 e5 4.c3 d5 5.dxe5 Nxe4 6.Bxe4 dxe4 7.Qa4+ Bd7 8.Qd4 Bc6
9.Ne2 Nd7 10.b4 Qe7 11.Bf4 Nb6 12.O-O Rd8 13.Qe3 Nd5 14.Qc1 Nxf4 15.Qxf4 g5
16.Qf5 Bg7 17.e6 fxe6 18.Qa5 b6 19.Qa6 Qd7 20.Qc4 a6 21.Qb3 Bb5 22.Qb2 Qd1
23.Ng3 Bxf1 24.Nxf1 Qd3 25.Qb3 Rd6 26.a4 O-O 27.Ra2 Qd1 28.Qb2 e3 29.f3 e2
30.Qxe2 Qxb1 31.Rc2 Kh8 32.Kf2 Qd1 33.Ne3 Qxe2+ 34.Kxe2 Rfd8 35.c4 Rd3 36.c5
Rc3 {#R} 0-1

[Event "Zone 4.3 2017"]
[Site "Livingstone ZAM"]
[Date "2017.06.12"]
[Round "4.16"]
[White "Mosenya,N"]
[Black "Abrantes,Persson"]
[Result "1-0"]
[WhiteElo "2044"]
[BlackElo "2010"]

1.e4 e5 2.Nf3 d6 3.d4 exd4 4.Nxd4 g6 5.Be3 Bg7 6.Nc3 Nf6 7.Be2 Nc6 8.f3 a6
9.Qd2 Nxd4 10.Bxd4 Be6 11.Rd1 O-O 12.O-O c6 13.f4 b5 14.f5 b4 15.fxe6 bxc3
16.exf7+ Rxf7 17.Qxc3 c5 18.Bxc5 Nxe4 19.Qc4 Nxc5 20.Rxf7 Kh8 21.Rdf1 Qg5
22.Qf4 Qd8 23.Bf3 Rb8 24.Bd5 a5 25.Qe3 Qh4 26.Rxg7 {#r} 1-0

[Event "Zone 4.3 2017"]
[Site "Livingstone ZAM"]
[Date "2017.06.14"]
[Round "6.2"]
[White "Mwali,C"]
[Black "Simutowe,M"]
[Result "1-0"]
[WhiteElo "2312"]
[BlackElo "2157"]

1.Nf3 d5 2.g3 Nf6 3.Bg2 c6 4.c4 Bf5 5.Qb3 Qb6 6.Nc3 e6 7.d3 Qxb3 8.axb3 Nbd7
9.O-O h6 10.cxd5 exd5 11.e4 dxe4 12.dxe4 Be6 13.Nd4 a6 14.Nxe6 fxe6 15.Bh3 Kf7
16.f4 Nc5 17.e5 Nxb3 18.Rb1 Nxc1 19.Rbxc1 Nd5 20.f5 exf5 21.Nxd5 cxd5 22.Rc7+
Ke8 23.Bxf5 Be7 24.e6 Bf6 25.Rd7 {#r} 1-0

[Event "Zone 4.3 2017"]
[Site "Livingstone ZAM"]
[Date "2017.06.14"]
[Round "6.3"]
[White "Zhemba,Jemusse"]
[Black "Cawdery,D"]
[Result "0-1"]
[WhiteElo "2020"]
[BlackElo "2434"]

1.e4 c5 2.Nf3 Nc6 3.d4 cxd4 4.Nxd4 Nf6 5.Nc3 e6 6.Bg5 Bb4 7.Nb5 O-O 8.a3 Bxc3+
9.Nxc3 d5 10.Bd3 h6 11.Bh4 d4 12.Ne2 e5 13.Qd2 Qd6 14.O-O Nh5 15.f3 Be6 16.Kh1
g5 17.Bf2 Rad8 18.Rae1 Ne7 19.Rg1 Ng6 20.Ng3 Nhf4 21.Nf5 Bxf5 22.exf5 Ne7
23.Be4 Qf6 24.Qa5 Nxf5 25.Qxa7 Nd6 26.Rgf1 Ra8 27.Qc5 Rac8 28.Qb4 Nxe4 29.fxe4
Rxc2 30.Qxb7 Qe6 31.Bg3 Nxg2 32.Rc1 Rxc1 33.Rxc1 Ne3 34.Qb4 Qg4 35.Qd2 Qxe4+
36.Kg1 f5 37.Rc7 f4 38.Be1 f3 39.Qf2 Qg4+ {#R} 0-1

[Event "Zone 4.3 2017"]
[Site "Livingstone ZAM"]
[Date "2017.06.14"]
[Round "6.4"]
[White "Chumfwa,S"]
[Black "Jere,D"]
[Result "0-1"]
[WhiteElo "2291"]
[BlackElo "2387"]

1.e4 e6 2.d4 d5 3.Nd2 c5 4.exd5 Qxd5 5.Ngf3 cxd4 6.Bc4 Qd6 7.O-O Nf6 8.Nb3 Nc6
9.Nbxd4 Nxd4 10.Nxd4 a6 11.Re1 Qc7 12.Bf1 Be7 13.Qf3 O-O 14.Bf4 Bd6 15.Bxd6
Qxd6 16.Rad1 Qb6 17.b3 Rd8 18.c4 Bd7 19.h3 Be8 20.Qf4 Qa5 21.a4 Rac8 22.g4 Qb4
23.Qe3 Qb6 24.Bg2 a5 25.Rd2 Nd7 26.Red1 Nc5 27.Nb5 Rxd2 28.Rxd2 Bxb5 29.axb5
h6 30.f4 Rd8 31.g5 hxg5 32.fxg5 {#R} 0-1

[Event "Zone 4.3 2017"]
[Site "Livingstone ZAM"]
[Date "2017.06.14"]
[Round "6.7"]
[White "Bwalya,Gillan"]
[Black "Mulenga,Prince Daniel"]
[Result "0-1"]
[WhiteElo "2281"]
[BlackElo "2110"]

1.d4 Nf6 2.c4 c5 3.dxc5 e6 4.Nc3 Bxc5 5.Bf4 Qb6 6.Nh3 Qxb2 7.Bd2 Qb6 8.Na4 Qc7
9.Nxc5 Qxc5 10.Rb1 Nc6 11.e3 Ne4 12.Rb2 Nxd2 13.Rxd2 O-O 14.Be2 d5 15.cxd5
exd5 16.Rxd5 Qb4+ 17.Kf1 Be6 18.Rb5 Rfd8 19.Qa1 Qa4 20.Rb2 Rd7 21.f3 Rad8
22.Kf2 Qh4+ 23.Kf1 Bxh3 24.gxh3 Qxh3+ 25.Kf2 Ne5 26.Qc1 Qh4+ 27.Kg2 Rd6 28.Rg1
Rh6 29.Rxb7 Ng4 30.fxg4 Qxh2+ 31.Kf3 Rf6+ 32.Ke4 Qd6 {#R} 0-1

[Event "Zone 4.3 2017"]
[Site "Livingstone ZAM"]
[Date "2017.06.14"]
[Round "6.11"]
[White "Katowa,Kennedy"]
[Black "Bezuidenhout,Roland"]
[Result "1-0"]
[WhiteElo "2092"]
[BlackElo "2076"]

1.d4 Nf6 2.Nf3 b6 3.g3 Bb7 4.Bg2 c5 5.c4 cxd4 6.Qxd4 e6 7.O-O Nc6 8.Qd1 d5
9.cxd5 Nxd5 10.Qa4 Qe7 11.a3 a6 12.Bg5 f6 13.Bd2 b5 14.Qb3 Qf7 15.e4 Nb6 16.e5
Nc4 17.exf6 gxf6 18.Bc3 Be7 19.Nbd2 Nxd2 20.Bxd2 e5 21.Qe3 O-O 22.Rac1 Rac8
23.Rfd1 Ba8 24.Qb6 e4 25.Nh4 Bd8 26.Qxa6 Bb7 27.Qxb5 Nd4 28.Qf1 Qe6 29.Rxc8
Bxc8 30.Bb4 Ba6 31.Qe1 Ne2+ 32.Kh1 Re8 33.Rd2 Qg4 34.Rd6 Bd3 35.Qd2 Be7 36.Rd5
Rc8 37.Bc3 Nxc3 38.bxc3 Rxc3 39.Nf5 Bf8 40.h3 e3 41.Nxe3 Qc8 42.Rxd3 {#r} 1-0

[Event "Zone 4.3 2017"]
[Site "Livingstone ZAM"]
[Date "2017.06.14"]
[Round "6.16"]
[White "Abrantes,Persson"]
[Black "Mabetu,Puso"]
[Result "1-0"]
[WhiteElo "2010"]
[BlackElo "2029"]

1.Nf3 Nf6 2.g3 c5 3.Bg2 d5 4.d3 Nc6 5.O-O e5 6.h3 Be7 7.Nc3 O-O 8.e4 d4 9.Ne2
Bd7 10.g4 Qc8 11.Ng3 g6 12.Bh6 Rd8 13.Qd2 Kh8 14.Ng5 Be6 15.f4 Ng8 16.f5 Nxh6
17.Nxe6 fxe6 18.Qxh6 Rg8 19.f6 Bf8 20.Qg5 h6 21.Qh4 Qd7 22.f7 Rg7 23.Qxh6+ Rh7
24.Qxg6 Ne7 25.Qg5 Qd6 26.Nh5 Rh6 27.Rf6 {#r} 1-0

[Event "Zone 4.3 2017"]
[Site "Livingstone ZAM"]
[Date "2017.06.15"]
[Round "7.3"]
[White "Simutowe,M"]
[Black "Phiri,R"]
[Result "0-1"]
[WhiteElo "2157"]
[BlackElo "2235"]

1.d4 Nf6 2.Nf3 g6 3.Bf4 Bg7 4.e3 O-O 5.Be2 c5 6.c3 d5 7.Nbd2 cxd4 8.exd4 Nc6
9.O-O Nh5 10.Be3 Qd6 11.Ne1 Nf4 12.Bxf4 Qxf4 13.Nd3 Qc7 14.Re1 Bf5 15.Bf1 Rfd8
16.Nf3 Na5 17.Nh4 Bd7 18.Nc5 Be8 19.Nf3 b6 20.Nd3 Nc4 21.Qc1 a5 22.a4 Rac8
23.Nde5 Nd6 24.Bd3 Rb8 25.Qf4 e6 26.h4 b5 27.axb5 Bxb5 28.Bc2 Be8 29.Ra2 Qe7
30.Nd3 Bb5 31.Nc5 Qc7 32.Rea1 Ra8 33.b4 Be2 34.Rxa5 Rxa5 35.Rxa5 Bxf3 36.Qxf3
Nc4 37.Ra6 e5 38.dxe5 Qxe5 39.Ra7 Qe1+ 40.Kh2 Ne5 41.Qg3 h5 42.Nd3 Qxc3 43.Kg1
Nc6 44.Ra2 Qc4 45.Bb1 Qb3 46.Rc2 Nd4 47.Qc7 Ne6 {#R} 0-1

[Event "Zone 4.3 2017"]
[Site "Livingstone ZAM"]
[Date "2017.06.15"]
[Round "7.9"]
[White "Dimba,James"]
[Black "Katowa,Kennedy"]
[Result "0-1"]
[WhiteElo "2086"]
[BlackElo "2092"]

1.e4 e5 2.Nf3 Nc6 3.Bb5 a6 4.Ba4 Nf6 5.O-O b5 6.Bb3 Bc5 7.c3 d6 8.d4 Bb6 9.a4
Rb8 10.axb5 axb5 11.Bg5 h6 12.Bh4 Qe7 13.Bd5 Nd8 14.Bxf6 Qxf6 15.Qd3 c6 16.Bb3
O-O 17.Nbd2 Ne6 18.dxe5 dxe5 19.Qd6 Bc7 20.Qxc6 Rb6 21.Qa8 Nf4 22.Qa2 Qg6
23.g3 Rf6 24.Kh1 Bh3 25.Nh4 Qg5 26.Ndf3 Qh5 27.gxf4 Bxf1 28.Rxf1 Rxf4 29.Bd1
Rxh4 30.Nxh4 Qxh4 31.Bf3 Rd8 32.Qa7 Qf6 33.Bh5 Bb6 34.Qb7 g6 35.Bg4 Rd2 36.f3
Qf4 {#R} 0-1

[Event "Zone 4.3 2017"]
[Site "Livingstone ZAM"]
[Date "2017.06.15"]
[Round "7.10"]
[White "Alberto,M ANG"]
[Black "Nyimbili,Dalington"]
[Result "1-0"]
[WhiteElo "2157"]
[BlackElo "2025"]

1.e4 d5 2.exd5 Qxd5 3.Nc3 Qa5 4.Bc4 Nf6 5.Nf3 c6 6.h3 Bf5 7.d4 e6 8.Qe2 Be7
9.Bd2 Qc7 10.g4 Bxc2 11.Rc1 Bg6 12.Ne5 Nfd7 13.Bf4 Bd6 14.h4 Bxe5 15.dxe5 h5
16.f3 Nb6 17.Bb3 Qe7 18.Bg5 Qb4 19.Kf2 N8d7 20.Kg2 Qd4 21.gxh5 Bxh5 22.Rhe1
Bg6 23.Rcd1 Qb4 24.Qe3 O-O 25.h5 Bf5 26.h6 g6 27.Rd4 Qa5 28.h7+ Kg7 29.Rh4 f6
30.Bh6+ Kh8 31.Bxf8 Rxf8 32.exf6 Nd5 33.Bxd5 cxd5 34.Qh6 {#r} 1-0

[Event "Zone 4.3 2017"]
[Site "Livingstone ZAM"]
[Date "2017.06.15"]
[Round "7.13"]
[White "Bezuidenhout,Roland"]
[Black "Bouah,L"]
[Result "1-0"]
[WhiteElo "2076"]
[BlackElo "2130"]

1.e4 Nf6 2.e5 Nd5 3.d4 d6 4.c4 Nb6 5.exd6 cxd6 6.Nc3 g6 7.Be3 Bg7 8.Rc1 O-O
9.b3 Nc6 10.d5 Ne5 11.Be2 f5 12.f4 Ned7 13.Nf3 Nf6 14.O-O Ng4 15.Bd4 Nd7
16.Bxg7 Kxg7 17.h3 Ngf6 18.Nd4 Nc5 19.Bf3 Qb6 20.Kh2 Re8 21.Re1 Bd7 22.a3 a5
23.Rb1 Rac8 24.Ndb5 Nce4 25.Bxe4 fxe4 26.Nd4 Qa6 27.Nxe4 a4 28.Nd2 b5 29.cxb5
Bxb5 30.Ne4 Bd3 31.Nxf6 exf6 32.Rxe8 Rxe8 33.Rc1 axb3 34.Qxb3 Be4 35.Ne6+ Kg8
36.Re1 Qd3 37.Qb7 Rxe6 38.Qc8+ Kg7 39.Qd7+ Kh6 40.Qxe6 {#r} 1-0

[Event "Zone 4.3 2017"]
[Site "Livingstone ZAM"]
[Date "2017.06.15"]
[Round "7.15"]
[White "Simulundu,Judah"]
[Black "Mabetu,Puso"]
[Result "1-0"]
[WhiteElo "2159"]
[BlackElo "2029"]

1.e4 d5 2.exd5 Nf6 3.c4 c6 4.d4 cxd5 5.Nc3 Nc6 6.Nf3 Bg4 7.cxd5 Nxd5 8.Qb3
Nxc3 9.bxc3 Bxf3 10.gxf3 Qc7 11.d5 Ne5 12.Bb5+ Kd8 13.Be2 g6 14.O-O Bg7 15.Rb1
b6 16.Ba3 Ke8 17.Rfd1 Rd8 18.f4 Ng4 19.Qa4+ b5 20.Qxb5+ Kf8 21.Bxg4 Kg8 {#r}
1-0

[Event "CHN Team Men 2017"]
[Site "Beijing CHN"]
[Date "2017.06.13"]
[Round "8.1"]
[White "Li Shilong"]
[Black "Bai,Jinshi"]
[Result "0-1"]
[WhiteElo "2524"]
[BlackElo "2573"]
[EventType "team"]

1.c4 c5 2.Nf3 Nf6 3.Nc3 Nc6 4.e3 g6 5.d4 cxd4 6.exd4 d5 7.cxd5 Nxd5 8.Qb3 e6
9.Bb5 Bg7 10.Bg5 Qb6 11.Nxd5 exd5 12.Qe3+ Be6 13.Bxc6+ bxc6 14.O-O O-O 15.Bh6
Qxb2 16.Rfb1 Qc2 17.Bxg7 Kxg7 18.Rb7 Qe4 19.Qb3 Bg4 20.Re1 Qf4 21.Ne5 Qxd4
22.Rb4 Qd2 23.Qb1 Bf5 24.Qa1 Kg8 25.Nxc6 Rfe8 26.Re7 Rec8 27.Rxf7 Kxf7 28.Rb7+
Bd7 29.g3 Rxc6 30.Rxd7+ Ke8 31.Qg7 Qe1+ {#R} 0-1

[Event "CHN Team Men 2017"]
[Site "Beijing CHN"]
[Date "2017.06.13"]
[Round "8.1"]
[White "Gao Rui"]
[Black "Yu Shaoteng"]
[Result "1-0"]
[WhiteElo "2543"]
[BlackElo "2479"]
[EventType "team"]

1.e4 e6 2.d4 d5 3.Nc3 Nf6 4.e5 Nfd7 5.Nf3 c5 6.dxc5 Nc6 7.Bf4 Nxc5 8.a3 a6
9.b4 Nd7 10.Bd3 f6 11.exf6 Qxf6 12.Qd2 Nxb4 13.O-O Nxd3 14.cxd3 Bc5 15.d4 Ba7
16.Bd6 Nb6 17.Qe2 Qd8 18.Bb4 Nc4 19.Ne5 Nxe5 20.Qxe5 Kf7 21.Qf4+ Kg8 22.Rae1
Bb8 23.Qg4 a5 24.Bc5 b6 25.Rxe6 bxc5 26.Rfe1 Qf8 27.Nxd5 Ra6 28.Nf6+ Kf7
29.Nd7 Bxd7 30.Re7+ Kf6 31.Qxd7 Qc8 32.R1e6+ Rxe6 33.Rxe6+ Kg5 34.Qd5+ {#r}
1-0

[Event "CHN Team Men 2017"]
[Site "Beijing CHN"]
[Date "2017.06.13"]
[Round "8.2"]
[White "Wan Yunguo"]
[Black "Yu Yangyi"]
[Result "0-1"]
[WhiteElo "2482"]
[BlackElo "2749"]
[EventType "team"]

1.e4 d6 2.d4 Nf6 3.Nc3 g6 4.g3 Bg7 5.Bg2 O-O 6.Nge2 e5 7.O-O Nbd7 8.h3 c6
9.Be3 b5 10.d5 Qc7 11.dxc6 Qxc6 12.a4 b4 13.Nb5 Ba6 14.Nxa7 Qb7 15.Nb5 Bxb5
16.axb5 Rxa1 17.Qxa1 Qxb5 18.Qd1 Rc8 19.g4 h5 20.g5 Nh7 21.Qd2 Nhf8 22.c3 Nb6
23.b3 bxc3 24.Nxc3 Qxb3 25.Rb1 Qxc3 26.Qxc3 Rxc3 27.Rxb6 Ne6 28.Rxd6 h4 29.Bf3
Bf8 30.Rd5 Bc5 31.Rxe5 Bxe3 32.fxe3 Rxe3 33.Bg4 Nf4 34.Kh2 Kf8 35.Bd7 Nd3
36.Re8+ Kg7 37.Re7 Rg3 38.e5 Rxg5 39.e6 Ne5 40.Kh1 Kf6 {#R} 0-1

[Event "CHN Team Men 2017"]
[Site "Beijing CHN"]
[Date "2017.06.13"]
[Round "8.2"]
[White "Li Chao2"]
[Black "Zhang,Ziji"]
[Result "1-0"]
[WhiteElo "2720"]
[BlackElo "2362"]
[EventType "team"]

1.c4 c6 2.e4 d5 3.exd5 cxd5 4.d4 Nf6 5.Nc3 Nc6 6.Bg5 dxc4 7.Bxc4 h6 8.Bh4 e6
9.Nf3 Be7 10.O-O O-O 11.a3 Nd5 12.Bg3 Bd6 13.Qd3 Bxg3 14.hxg3 Nxc3 15.bxc3 Bd7
16.Ba2 Qf6 17.Rfe1 Rfd8 18.Re4 Ne7 19.Rf4 Qg6 20.Qe2 Qh5 21.Re1 Nd5 22.Rh4 Qf5
23.Qd2 b5 24.Ne5 Be8 25.Ng4 Qg5 26.f4 Qg6 27.Re5 f5 28.Ne3 Qxg3 29.Nxf5 Qxc3
30.Qxc3 Nxc3 31.Bxe6+ Kf8 32.Rh3 Na4 33.Rg3 g6 34.Nh4 Rxd4 35.Nxg6+ Bxg6
36.Rxg6 Rad8 37.Bb3 Rc4 38.Bxc4 bxc4 39.Rxh6 {#r} 1-0

[Event "CHN Team Men 2017"]
[Site "Beijing CHN"]
[Date "2017.06.13"]
[Round "8.3"]
[White "Lou Yiping"]
[Black "Wen Yang"]
[Result "0-1"]
[WhiteElo "2468"]
[BlackElo "2617"]
[EventType "team"]

1.d4 d5 2.c4 e6 3.Nf3 c6 4.Bg5 Nf6 5.e3 h6 6.Bh4 g5 7.Bg3 Ne4 8.Be5 f6 9.Bxb8
Rxb8 10.Nfd2 f5 11.Qh5+ Ke7 12.Nxe4 dxe4 13.Nd2 c5 14.dxc5 Bg7 15.O-O-O Qa5
16.Kb1 Qxc5 17.Nb3 Qe5 18.Rd4 Bd7 19.Qd1 Rhd8 20.Qd2 b6 21.Qb4+ Kf7 22.Be2 a5
23.Qd6 a4 24.Rhd1 Qxd6 25.Rxd6 Ke7 26.Na1 Be5 27.R6d2 Bxh2 28.Rh1 Be5 29.Rxh6
Rh8 30.Rxh8 Rxh8 31.Nc2 Rh2 32.Bf1 Be8 33.Rd1 Bh5 34.Re1 g4 35.Nd4 g3 36.Nc6+
Kf6 37.Nxe5 gxf2 38.Nd7+ Ke7 39.Rc1 Kxd7 40.Kc2 e5 41.b4 axb3+ 42.axb3 f4
43.Kd2 Bg4 44.b4 Kc7 45.Ra1 Kb7 {#R} 0-1

[Event "CHN Team Men 2017"]
[Site "Beijing CHN"]
[Date "2017.06.13"]
[Round "8.4"]
[White "Li,Di"]
[Black "Yu Ruiyuan"]
[Result "1-0"]
[WhiteElo "2474"]
[BlackElo "2510"]
[EventType "team"]

1.c4 c6 2.Nf3 d5 3.e3 Nf6 4.Nc3 g6 5.d4 Bg7 6.Bd3 O-O 7.O-O Nbd7 8.b3 b6
9.cxd5 Nxd5 10.Nxd5 cxd5 11.Ba3 Bb7 12.Rc1 Re8 13.Qc2 Rc8 14.Qe2 Nb8 15.h4 e6
16.h5 Bf8 17.Bxf8 Rxf8 18.Rxc8 Qxc8 19.Qb2 Nc6 20.Rc1 Qd7 21.Bb5 Rc8 22.Ne5
Qd6 23.Bxc6 Bxc6 24.Qc3 Bd7 25.Qxc8+ Bxc8 26.Rxc8+ Kg7 27.h6+ Kf6 28.Rh8 Qb4
29.Rxh7 Kg5 30.Nxf7+ Kh5 31.g4+ Kxg4 32.Rg7 Kf3 33.Ne5+ Ke2 34.Rf7 Qe1+ 35.Kh2
{#r} 1-0

[Event "CHN Team Men 2017"]
[Site "Beijing CHN"]
[Date "2017.06.14"]
[Round "9.2"]
[White "Wu Xibin"]
[Black "Gao Rui"]
[Result "0-1"]
[WhiteElo "2232"]
[BlackElo "2543"]
[EventType "team"]

1.d4 Nf6 2.c4 g6 3.f3 d5 4.cxd5 Nxd5 5.e4 Nb6 6.Nc3 Bg7 7.Be3 O-O 8.Qd2 Nc6
9.O-O-O Qd6 10.Nb5 Qd7 11.Kb1 a6 12.Nc3 Rd8 13.d5 Qe8 14.h4 e6 15.Bg5 Rd6
16.Bh6 exd5 17.Bxg7 Kxg7 18.exd5 Bf5+ 19.Ka1 Rad8 20.g4 Nxd5 {#R} 0-1

[Event "CHN Team Men 2017"]
[Site "Beijing CHN"]
[Date "2017.06.14"]
[Round "9.3"]
[White "Liu Qingnan"]
[Black "Liu Guanchu"]
[Result "1-0"]
[WhiteElo "2503"]
[BlackElo "2453"]
[EventType "team"]

1.d4 e6 2.c4 Nf6 3.g3 c5 4.d5 exd5 5.cxd5 b5 6.e4 Nxe4 7.Qe2 Qe7 8.Bg2 Nd6
9.Be3 Na6 10.Nc3 Rb8 11.a4 b4 12.Nb5 Nf5 13.Bf4 d6 14.Be4 Nd4 15.Nxd4 cxd4
16.Rc1 g5 17.Bxd6 Qxd6 18.Rc6 Qd8 19.Bf5+ Be7 20.Bxc8 Rxc8 21.Qxa6 O-O 22.Nf3
Qxd5 23.Rxc8 Qe4+ 24.Kd2 b3 25.Kc1 Qxf3 26.Re1 Qf5 27.Rxf8+ Bxf8 28.Qc4 g4
29.Re8 Qxf2 30.Qxb3 Qxh2 31.Kb1 Qh1+ 32.Ka2 Qc6 33.Rd8 Qf6 34.Qd5 h5 35.Re8
Kg7 36.Qxh5 {#r} 1-0

[Event "CHN Team Men 2017"]
[Site "Beijing CHN"]
[Date "2017.06.14"]
[Round "9.4"]
[White "Xu Jun"]
[Black "Xu,Minghui"]
[Result "1-0"]
[WhiteElo "2514"]
[BlackElo "2340"]
[EventType "team"]

1.Nf3 d5 2.d4 Nf6 3.c4 c6 4.e3 e6 5.Bd3 Nbd7 6.O-O Bd6 7.Nc3 dxc4 8.Bxc4 b5
9.Bd3 b4 10.Na4 Qe7 11.e4 e5 12.Bg5 O-O 13.Nh4 h6 14.Nf5 Qd8 15.Bxh6 gxh6
16.Nxd6 exd4 17.f4 Nc5 18.Nxc5 Qxd6 19.Rc1 Bg4 20.Qe1 Nd7 21.e5 Qe7 22.Qg3 Kh8
23.Qxg4 Nxc5 24.Rxc5 {#r} 1-0

[Event "CHN Team Men 2017"]
[Site "Beijing CHN"]
[Date "2017.06.14"]
[Round "9.5"]
[White "Fang,Yuxiang"]
[Black "Lin,Yi"]
[Result "1-0"]
[WhiteElo "2477"]
[BlackElo "2392"]
[EventType "team"]

1.d4 Nf6 2.Bf4 d5 3.e3 g6 4.Nc3 Bg7 5.h4 h5 6.Nf3 Bg4 7.Be2 O-O 8.Ne5 Bxe2
9.Qxe2 Nbd7 10.O-O-O c6 11.f3 Nxe5 12.Bxe5 Nd7 13.Bxg7 Kxg7 14.g4 Rh8 15.e4 e6
16.Qf2 b5 17.gxh5 Rxh5 18.Ne2 Rh6 19.Ng3 Nf6 20.h5 Nxh5 21.Nxh5+ gxh5 22.Rdg1+
Rg6 23.Rxh5 Qf6 24.Qh2 Rxg1+ 25.Qxg1+ Kf8 26.Qh2 Ke7 27.Qc7+ Kf8 28.Qxc6 Qxf3
29.Qd6+ Kg7 30.Qe5+ f6 31.Qc7+ Kg8 32.Qh7+ Kf8 33.Qh8+ Ke7 34.Rh7+ Kd6 35.e5+
{#r} 1-0

[Event "CHN Team Men 2017"]
[Site "Beijing CHN"]
[Date "2017.06.14"]
[Round "9.5"]
[White "Chen,Baining"]
[Black "Zhou,Jiangnan"]
[Result "0-1"]
[WhiteElo "2053"]
[BlackElo "2115"]
[EventType "team"]

1.e4 d6 2.d4 Nf6 3.Nc3 Nbd7 4.Be3 e5 5.Nf3 Be7 6.h3 O-O 7.g3 c6 8.a4 Qa5 9.Qd2
b5 10.b4 Qxb4 11.Rb1 Qa5 12.axb5 cxb5 13.Rxb5 Qc7 14.d5 a5 15.Bd3 Nc5 16.Rb2
Bd7 17.O-O Bxh3 18.Rfb1 Nfd7 19.Bb5 Nb8 20.Bc6 Nxc6 21.Bxc5 Nd8 22.Bb6 Qd7
23.Bxd8 Bxd8 24.Rb7 Qg4 25.Nh2 Qg6 26.Rb8 Rxb8 27.Rxb8 f5 28.exf5 Bxf5 29.Rb2
h5 30.Ne2 h4 31.c4 Bd3 32.Qc3 e4 {#R} 0-1

[Event "CHN Team Women 2017"]
[Site "Beijing CHN"]
[Date "2017.06.13"]
[Round "8.1"]
[White "Li Xueyi"]
[Black "Wang Jue"]
[Result "0-1"]
[WhiteElo "2146"]
[BlackElo "2367"]
[EventType "team"]

1.d4 Nf6 2.c4 g6 3.g3 Bg7 4.Bg2 O-O 5.Nc3 c5 6.d5 d6 7.Nf3 e6 8.O-O exd5
9.cxd5 Re8 10.Re1 a6 11.a4 Nbd7 12.Bf4 Ng4 13.Bg5 f6 14.Bd2 Nde5 15.Nxe5 Nxe5
16.Qb3 Rb8 17.f4 c4 18.Qc2 Ng4 19.h3 Qb6+ 20.Kh1 Ne3 21.Bxe3 Qxe3 22.Kh2 f5
23.Ra3 Qc5 24.a5 Bd7 25.Rb1 b5 26.axb6 Rxb6 27.Na4 Bxa4 28.Rxa4 Qf2 29.Rxc4
Rxe2 30.Rc8+ Bf8 31.Rxf8+ Kxf8 32.Qc8+ Kg7 33.Qc7+ Kh6 34.Rg1 Rb3 {#R} 0-1

[Event "CHN Team Women 2017"]
[Site "Beijing CHN"]
[Date "2017.06.13"]
[Round "8.4"]
[White "Xiao,Yiyi"]
[Black "Wang Doudou"]
[Result "1-0"]
[WhiteElo "2287"]
[BlackElo "2189"]
[EventType "team"]

1.Nf3 Nf6 2.c4 e6 3.g3 d5 4.Bg2 Be7 5.O-O dxc4 6.Na3 O-O 7.Nxc4 c5 8.b3 Nc6
9.Bb2 Rb8 10.Nfe5 Nb4 11.a3 Nbd5 12.d4 Nb6 13.Qc2 Nxc4 14.Nxc4 cxd4 15.Rfd1 b5
16.Ne5 Bb7 17.Nc6 Qc7 18.Bxd4 Rbc8 19.Be5 Qxc6 20.Bxc6 Bxc6 21.Qd2 Bd5 22.Qd3
a6 23.Bb2 Ne4 24.Bd4 Rfd8 25.Bb6 Re8 26.Rdc1 Bxa3 27.Rxc8 Rxc8 28.f3 Nc5
29.Qe3 Bb4 30.Rc1 {#r} 1-0

[Event "CHN Team Women 2017"]
[Site "Beijing CHN"]
[Date "2017.06.13"]
[Round "8.4"]
[White "Cao,Yuhua"]
[Black "Chu,Ruotong"]
[Result "0-1"]
[WhiteElo "2049"]
[BlackElo "2147"]
[EventType "team"]

1.e4 c5 2.Nf3 e6 3.d4 cxd4 4.Nxd4 Nc6 5.Nc3 Qc7 6.Be2 Nf6 7.O-O Be7 8.Be3 O-O
9.Kh1 d6 10.f4 Nxd4 11.Bxd4 e5 12.Be3 exf4 13.Bxf4 a6 14.Qd3 Be6 15.Qg3 Kh8
16.Rad1 Rfd8 17.Rd2 Rac8 18.Rfd1 Qb6 19.Rb1 d5 20.e5 Ne4 21.Nxe4 dxe4 22.Rxd8+
Qxd8 23.Rc1 Qb6 24.b3 Qa5 25.a4 Ba3 26.Ra1 Bb2 27.Rb1 Qc3 28.Qxc3 Bxc3 29.Rd1
h6 30.h3 g5 31.Bg3 Kg7 32.Kg1 Rc5 33.Rd8 Ba5 34.Rb8 Rxc2 35.Bc4 Bxc4 36.bxc4
e3 37.Rxb7 Rc1+ 38.Kh2 e2 39.e6 e1=Q 40.Bxe1 Rxe1 41.exf7 Re6 42.c5 Rc6 43.Ra7
Bc7+ 44.Kg1 Kxf7 45.Kf2 Ke6 46.Kf3 Kd5 47.Kg4 Kxc5 48.Rb7 Bb6 49.Kh5 Kb4 {#R}
0-1

[Event "CHN Team Women 2017"]
[Site "Beijing CHN"]
[Date "2017.06.14"]
[Round "9.1"]
[White "Wang Jue"]
[Black "Kuang Yinghui"]
[Result "0-1"]
[WhiteElo "2367"]
[BlackElo "2213"]
[EventType "team"]

1.e4 d6 2.d4 Nf6 3.Nc3 g6 4.f4 Bg7 5.Bd3 e5 6.dxe5 dxe5 7.Nf3 Nc6 8.fxe5 Ng4
9.Bg5 Qd7 10.Nd5 Ncxe5 11.Qd2 c6 12.Nc3 h6 13.Bf4 g5 14.Bg3 Nxf3+ 15.gxf3 Ne5
16.Rf1 Qe7 17.Qe3 Be6 18.O-O-O Ng6 19.e5 Nf4 20.Bxf4 gxf4 21.Qe2 Qc5 22.Rde1
h5 23.Rg1 Bh6 24.Ne4 Qxe5 25.Qf2 O-O-O 26.Qxa7 Bf8 27.Rd1 Be7 28.Kb1 Kc7
29.Qf2 Ra8 30.c4 Rhd8 31.Qc2 Rd4 32.Rge1 Qa5 33.b3 Rxd3 34.Rxd3 Qxe1+ 35.Rd1
Qe3 36.Qb2 f6 37.Qg2 Rg8 {#R} 0-1